LEADER 00959nam a2200229 i 4500 001 000000203990 003 CaOOAMICUS 005 20110713000000.0 008 110713s1977 it u000 u ita u 013 $a182707 040 $aSeMil$bita 100 1 $aRobuschi Romagnoli, Giuseppina.$0(OLS)http://semarc/name/36654 245 10$aLettura del canto 23. dell'"Orlando furioso" /$cGiuseppina Robuschi Romagnoli. 260 $aMilano :$bVita e Pensiero,$c1977. 300 $aP. [131]-146 ;$c22 cm. 500 $aEstratto dal volume "Studi sull'Ariosto". 650 4$aAriosto, Ludovico <1474-1533> . Orlando furioso.$0(OLS)http://semarc/subject/2204 850 $aSeMil 852 $aSeMil$W1$xVenegono$y1$m5D X 19/13$j154484$B154484$CSeMilBibl$Z2$F165332 $81 961 $aOmaggio: Altro 996 $6245$aLettura del canto 23. dell'"Orlando furioso"$9(OLS)http://semarc/title/295554 996 $6260$aMilano :$bVita e Pensiero$9(OLS)http://semarc/publisher/29642 LEADER 01071nam a2200277 i 4500 001 000000115247 003 CaOOAMICUS 005 20030516000000.0 008 030516s2001 it u000 u ita u 013 $a87936 020 $a88-211-7731-9 040 $aSeMil$bita 100 1 $aJoannes : de Hildesheim .$0(OLS)http://semarc/name/20004 240 10$aLiber de trium regum.$0(OLS)http://semarc/title/168738 245 13$aLe gesta dei tre beatissimi re /$cGiovanni di Hildesheim. 260 $aGenova :$bMarietti,$c2001. 300 $a174 p. :$briccamente ill. ;$c25 cm. 500 $aFondo Card. C.M. Martini. 650 4$aRe Magi.$0(OLS)http://semarc/subject/8591 850 $aSeMil 852 $aSeMil$W1$xVenegono$y1$m2N IV 52$j70778$B70778$CSeMilBibl$Z2$F100229 $81 941 1 $a4 961 $aOmaggio: Martini Card. Carlo Maria 996 $6020$a88-211-7731-9$9(OLS)http://semarc/number/98954 996 $6245$aLe gesta dei tre beatissimi re$9(OLS)http://semarc/title/168737 996 $6260$aGenova :$bMarietti$9(OLS)http://semarc/publisher/29997